| 000 | 00475cam a2200181ua 4500 | ||
|---|---|---|---|
| 003 | OSt | ||
| 008 | 250814b |||||||| |||| 00| 0 eng d | ||
| 020 | _a81 85005 222 | ||
| 041 | _aeng | ||
| 082 |
_a627.52 _bBAS/EC |
||
| 100 |
_aBasawan, Sinha . _97721 |
||
| 245 | _aEconomic appraisal of irrigation projects in India / | ||
| 250 | _a1 / | ||
| 260 |
_a : _bAgricole Publishing Academy , _c1989. |
||
| 300 | _a487 ; . | ||
| 700 | 1 |
_aRamesh, Bhatia . _97722 |
|
| 942 | _cBK | ||
| 999 |
_c2372 _d2372 |
||